<?xml version="1.0" encoding="UTF-8"?>
<record
    xmlns:xsi="http://www.w3.org/2001/XMLSchema-instance"
    xsi:schemaLocation="http://www.loc.gov/MARC21/slim http://www.loc.gov/standards/marcxml/schema/MARC21slim.xsd"
    xmlns="http://www.loc.gov/MARC21/slim">

  <leader>02173nam a22002897a 4500</leader>
  <controlfield tag="001">8987</controlfield>
  <controlfield tag="003">FISKH</controlfield>
  <controlfield tag="005">20260402112705.0</controlfield>
  <controlfield tag="008">251112b        cb ||||| |||| 00| 0 eng d</controlfield>
  <datafield tag="020" ind1=" " ind2=" ">
    <subfield code="a">9789996336164</subfield>
  </datafield>
  <datafield tag="040" ind1=" " ind2=" ">
    <subfield code="a">FISKH</subfield>
    <subfield code="b">khr</subfield>
    <subfield code="c">FISKH</subfield>
    <subfield code="d">FISKH</subfield>
  </datafield>
  <datafield tag="050" ind1=" " ind2=" ">
    <subfield code="a">PZ7</subfield>
  </datafield>
  <datafield tag="082" ind1=" " ind2=" ">
    <subfield code="a">398.2452</subfield>
  </datafield>
  <datafield tag="100" ind1=" " ind2=" ">
    <subfield code="a">Reaksmei, Am</subfield>
  </datafield>
  <datafield tag="245" ind1=" " ind2=" ">
    <subfield code="a">&#x179B;&#x17D2;&#x1794;&#x17B7;&#x1785;&#x1786;&#x17D2;&#x1780;&#x17C2;&#x1785;&#x1785;&#x1780; / </subfield>
    <subfield code="c">&#x1793;&#x17B7;&#x1796;&#x1793;&#x17D2;&#x1792;&#x1793;&#x17B7;&#x1784;&#x179C;&#x17B7;&#x1785;&#x17B7;&#x178F;&#x17D2;&#x179A;&#x1780;&#x179A;&#x179A;&#x17BC;&#x1794;&#x1797;&#x17B6;&#x1796;&#x178A;&#x17C4;&#x1799; &#x179B;&#x17C4;&#x1780;&#x200B; &#x17A2;&#x17B6;&#x17C6; &#x179A;&#x179F;&#x17D2;&#x1798;&#x17B8; </subfield>
  </datafield>
  <datafield tag="260" ind1=" " ind2=" ">
    <subfield code="a">Phnom Penh : </subfield>
    <subfield code="b">Room to Read  , </subfield>
    <subfield code="c">2011.</subfield>
  </datafield>
  <datafield tag="300" ind1=" " ind2=" ">
    <subfield code="a">14 pages : </subfield>
    <subfield code="b">color illustrations ;</subfield>
    <subfield code="c">27 cm .</subfield>
  </datafield>
  <datafield tag="505" ind1=" " ind2=" ">
    <subfield code="a">J 
</subfield>
  </datafield>
  <datafield tag="520" ind1=" " ind2=" ">
    <subfield code="a">&#x1780;&#x17BB;&#x1780;&#x178A;&#x17CF;&#x1786;&#x17D2;&#x179B;&#x17B6;&#x178F;&#x1794;&#x1789;&#x17D2;&#x1786;&#x17C4;&#x178F;&#x1786;&#x17D2;&#x1780;&#x17C2;&#x1785;&#x1785;&#x1780;&#x178A;&#x17CF;&#x179F;&#x17D2;&#x179A;&#x17C1;&#x1780;&#x1783;&#x17D2;&#x179B;&#x17B6;&#x1793;&#x178A;&#x17C2;&#x179B;&#x1798;&#x17B6;&#x1793;&#x1794;&#x17C6;&#x1793;&#x1784;&#x1785;&#x1784;&#x17CB;&#x179F;&#x17BB;&#x17B8;&#x1780;&#x17BC;&#x1793;&#x1788;&#x17D2;&#x179B;&#x17BC;&#x179F;&#x1787;&#x17B6;&#x17A2;&#x17B6;&#x17A0;&#x17B6;&#x179A; &#x17D4;&#x200B; &#x1786;&#x17D2;&#x1780;&#x17C2;&#x1785;&#x1785;&#x1780;&#x1798;&#x17B6;&#x1793;&#x1780;&#x17B6;&#x179A;&#x1781;&#x17B9;&#x1784;&#x179F;&#x1798;&#x17D2;&#x1794;&#x17B6;&#x179A;&#x1799;&#x17C9;&#x17B6;&#x1784;&#x1781;&#x17D2;&#x179B;&#x17B6;&#x17C6;&#x1784;&#x1793;&#x17C5;&#x1796;&#x17C1;&#x179B;&#x178A;&#x17C2;&#x179B;&#x178A;&#x17B9;&#x1784;&#x1790;&#x17B6;&#x1785;&#x17B6;&#x1789;&#x17CB;&#x179B;&#x17D2;&#x1794;&#x17B7;&#x1785;&#x1780;&#x179B;&#x179A;&#x1794;&#x179F;&#x17CB;&#x179F;&#x178F;&#x17D2;&#x179C;&#x1780;&#x17BB;&#x1780; &#x17D4;&#x200B; &#x179C;&#x17B6;&#x1780;&#x17CF;&#x1794;&#x17D2;&#x179A;&#x17BE;&#x179B;&#x17D2;&#x1794;&#x17B7;&#x1785;&#x1794;&#x1794;&#x17BD;&#x179B;&#x1788;&#x17D2;&#x179B;&#x17BC;&#x179F;&#x1793;&#x17B7;&#x1784;&#x1780;&#x17BB;&#x1780;&#x1791;&#x17C5;&#x1785;&#x17BC;&#x179B;&#x179A;&#x17BD;&#x1798;&#x1796;&#x17B7;&#x1792;&#x17B8;&#x1787;&#x1794;&#x17CB;&#x179B;&#x17C0;&#x1784;&#x1793;&#x17C5;&#x1795;&#x17D2;&#x1791;&#x17C7;&#x179A;&#x1794;&#x179F;&#x17CB;&#x179C;&#x17B6; &#x1796;&#x17D2;&#x179A;&#x17C4;&#x17C7;&#x179C;&#x17B6;&#x1798;&#x17B6;&#x1793;&#x1794;&#x17C6;&#x1793;&#x1784;&#x1785;&#x1784;&#x17CB;&#x179F;&#x17BB;&#x17B8;&#x179F;&#x17B6;&#x1785;&#x17CB;&#x179F;&#x178F;&#x17D2;&#x179C;&#x1780;&#x17BB;&#x1780;&#x1793;&#x17B7;&#x1784;&#x1788;&#x17D2;&#x179B;&#x17BC;&#x179F;&#x17C1;&#x1787;&#x17B6;&#x17A2;&#x17B6;&#x17A0;&#x17B6;&#x179A; &#x17D4; &#x178F;&#x17BE;&#x1780;&#x17BB;&#x1780;&#x1793;&#x17B7;&#x1784;&#x1788;&#x17D2;&#x179B;&#x17BC;&#x179F;&#x17A2;&#x17B6;&#x1785;&#x179A;&#x17BD;&#x1785;&#x1795;&#x17BB;&#x178F;&#x1796;&#x17B8;&#x1794;&#x17C6;&#x1793;&#x1784;&#x17A2;&#x17B6;&#x1780;&#x17D2;&#x179A;&#x1780;&#x17CB;&#x179A;&#x1794;&#x179F;&#x17CB;&#x1786;&#x17D2;&#x1780;&#x17C2;&#x1785;&#x1785;&#x1780;&#x1794;&#x17B6;&#x1793;&#x178A;&#x17C2;&#x179A;&#x17AB;&#x1791;&#x17C1; ? </subfield>
  </datafield>
  <datafield tag="520" ind1=" " ind2=" ">
    <subfield code="a">A clever ergret tricks  a hungry wolf out of his meal of a musk deer . Angry at the egret, the wolf crafts a plan to invite both of the egret and the musk deet to his house for a party in hopes that he will soon enjoy an even larger meal . Can the egret and the musk deer save themselves when they discover the wolf's intent ? </subfield>
  </datafield>
  <datafield tag="521" ind1="8" ind2=" ">
    <subfield code="a">480 
</subfield>
    <subfield code="b">Lexile estimate 
</subfield>
  </datafield>
  <datafield tag="521" ind1="8" ind2=" ">
    <subfield code="a">J 
</subfield>
    <subfield code="b">Raz-Plus 
</subfield>
  </datafield>
  <datafield tag="650" ind1=" " ind2=" ">
    <subfield code="a">&#x179B;&#x17D2;&#x1794;&#x17B7;&#x1785;&#x1786;&#x17D2;&#x1780;&#x17C2;&#x1785;&#x1785;&#x1780;&#x200B;</subfield>
    <subfield code="v">&#x179A;&#x17BF;&#x1784;&#x1793;&#x17B7;&#x1791;&#x17B6;&#x1793;&#x1780;&#x17BB;&#x1798;&#x17B6;&#x179A;&#x200B;</subfield>
  </datafield>
  <datafield tag="650" ind1=" " ind2=" ">
    <subfield code="a">Wolf's trick</subfield>
    <subfield code="v">Children's Stories </subfield>
  </datafield>
  <datafield tag="942" ind1=" " ind2=" ">
    <subfield code="2">ddc</subfield>
    <subfield code="c">KHB</subfield>
    <subfield code="n">0</subfield>
  </datafield>
  <datafield tag="999" ind1=" " ind2=" ">
    <subfield code="c">8987</subfield>
    <subfield code="d">8987</subfield>
  </datafield>
  <datafield tag="952" ind1=" " ind2=" ">
    <subfield code="0">0</subfield>
    <subfield code="1">0</subfield>
    <subfield code="2">ddc</subfield>
    <subfield code="4">0</subfield>
    <subfield code="7">0</subfield>
    <subfield code="8">KH</subfield>
    <subfield code="a">002</subfield>
    <subfield code="b">002</subfield>
    <subfield code="c">TTP Khmer</subfield>
    <subfield code="d">2025-11-12</subfield>
    <subfield code="l">0</subfield>
    <subfield code="o">REA PZ 7398.2452</subfield>
    <subfield code="p">FISBK04112</subfield>
    <subfield code="r">2025-11-12 15:54:20</subfield>
    <subfield code="t">1</subfield>
    <subfield code="w">2025-11-12</subfield>
    <subfield code="y">KHB</subfield>
  </datafield>
  <datafield tag="952" ind1=" " ind2=" ">
    <subfield code="0">0</subfield>
    <subfield code="1">0</subfield>
    <subfield code="2">ddc</subfield>
    <subfield code="4">0</subfield>
    <subfield code="7">0</subfield>
    <subfield code="8">KH</subfield>
    <subfield code="a">002</subfield>
    <subfield code="b">002</subfield>
    <subfield code="c">TTP Khmer</subfield>
    <subfield code="d">2025-11-12</subfield>
    <subfield code="l">0</subfield>
    <subfield code="o">REA PZ 7398.2452</subfield>
    <subfield code="p">FISBK04155</subfield>
    <subfield code="r">2025-11-12 15:55:08</subfield>
    <subfield code="t">2</subfield>
    <subfield code="w">2025-11-12</subfield>
    <subfield code="y">KHB</subfield>
  </datafield>
  <datafield tag="952" ind1=" " ind2=" ">
    <subfield code="0">0</subfield>
    <subfield code="1">0</subfield>
    <subfield code="2">ddc</subfield>
    <subfield code="4">0</subfield>
    <subfield code="7">0</subfield>
    <subfield code="8">KH</subfield>
    <subfield code="a">002</subfield>
    <subfield code="b">002</subfield>
    <subfield code="c">TTP Khmer</subfield>
    <subfield code="d">2026-04-02</subfield>
    <subfield code="l">0</subfield>
    <subfield code="o">REA PZ 7398.2452</subfield>
    <subfield code="p">2026-0440</subfield>
    <subfield code="r">2026-04-02 11:27:03</subfield>
    <subfield code="t">3</subfield>
    <subfield code="w">2026-04-02</subfield>
    <subfield code="y">KHB</subfield>
  </datafield>
</record>
